| 000 | 00768nam a2200193 i 4500 | ||
|---|---|---|---|
| 001 | 182455 | ||
| 003 | ES-MaACL | ||
| 005 | 20230906221620.0 | ||
| 008 | 130816q19901999sp |||| | spa d | ||
| 100 | 1 |
_aDíez Bustos, Carlos. _944683 |
|
| 245 | 1 | 3 |
_aLa arquitectura efimera como horizonte _b: [exposición] del 22 de febrero al 24 de marzo, Sala Municipal de Exposiciones, Leganés / _cCarlos Díez Bustos. |
| 260 |
_aLeganés (Madrid) : _bAyuntamiento de Leganés, Delegación de Cultura, _c[199-] |
||
| 300 |
_a[30] p. : _bprincipalmente il. ; _c25 cm. |
||
| 600 | 1 | 4 |
_aDíez Bustos, Carlos- _vExposiciones. _944684 |
| 655 | 7 |
_2tgfbne _9193628 _aCatálogos de exposiciones |
|
| 852 |
_aES-MaACL _j2325-F-17 |
||
| 942 | _2udc | ||
| 999 |
_c182455 _d182455 |
||